WWE - Ryback's PPV Opponents - Statistics

General Stats
  • This quiz has been taken 613 times
  • The average score is 51 of 68
Answer Stats
Year Event Match Type Answer % Correct
2012 Survivor Series Triple Threat Match John Cena
97%
2013 Extreme Rules Last Man Standing Match John Cena
97%
2013 Payback Three Stages of Hell Match John Cena
97%
2012 Hell in a Cell Hell in a Cell Match CM Punk
95%
2012 Survivor Series Triple Threat Match CM Punk
95%
2013 Battleground CM Punk
95%
2013 Hell in a Cell 2-on-1 Handicap Hell in a Cell Match CM Punk
95%
2012 Tables, Ladders & Chairs Six-Man Tag Team TLC Match Seth Rollins
94%
2013 Elimination Chamber Six-Man Tag Team Match Seth Rollins
94%
2012 Tables, Ladders & Chairs Six-Man Tag Team TLC Match Dean Ambrose
92%
2013 Elimination Chamber Six-Man Tag Team Match Dean Ambrose
92%
2012 Tables, Ladders & Chairs Six-Man Tag Team TLC Match Roman Reigns
92%
2013 Elimination Chamber Six-Man Tag Team Match Roman Reigns
92%
2014 Survivor Series 5 vs 5 Elimination Match Seth Rollins
90%
2015 Fastlane Six-Man Tag Team Match Seth Rollins
90%
2013 Tables, Ladders & Chairs Four-Team Match The Big Show
90%
2015 Fastlane Six-Man Tag Team Match The Big Show
90%
2015 Money In The Bank The Big Show
90%
2015 SummerSlam Triple Threat Match The Big Show
90%
2013 WrestleMania 29 Mark Henry
89%
2013 Survivor Series Mark Henry
89%
2014 Survivor Series 5 vs 5 Elimination Match Mark Henry
89%
2015 Elimination Chamber Elimination Chamber Match Mark Henry
89%
2014 Survivor Series 5 vs 5 Elimination Match Kane
87%
2014 Tables, Ladders & Chairs Chairs Match Kane
87%
2015 Fastlane Six-Man Tag Team Match Kane
87%
2015 Elimination Chamber Elimination Chamber Match Sheamus
83%
2015 Survivor Series 5 vs 5 Elimination Match Sheamus
83%
2014 Survivor Series 5 vs 5 Elimination Match Luke Harper
81%
2016 Fastlane Six-Man Tag Team Match Luke Harper
81%
2015 Elimination Chamber Elimination Chamber Match Dolph Ziggler
78%
2015 SummerSlam Triple Threat Match The Miz
77%
2016 Fastlane Six-Man Tag Team Match Erick Rowan
76%
2013 Tables, Ladders & Chairs Four-Team Match Antonio Cesaro
75%
2014 WrestleMania XXX (Kick-Off Show) Four-Team Elimination Match Cesaro
75%
2015 Elimination Chamber Elimination Chamber Match King Barrett
75%
2015 Survivor Series 5 vs 5 Elimination Match King Barrett
75%
2015 Survivor Series 5 vs 5 Elimination Match Kofi Kingston
75%
2015 Payback Bray Wyatt
74%
2016 WrestleMania 32 Kalisto
74%
2016 Payback Kalisto
74%
2014 Survivor Series 5 vs 5 Elimination Match Rusev
74%
2015 Tables, Ladders & Chairs Rusev
74%
2015 Survivor Series 5 vs 5 Elimination Match Big E
71%
2015 Survivor Series 5 vs 5 Elimination Match Xavier Woods
70%
2016 Fastlane Six-Man Tag Team Match Braun Strowman
67%
2013 Tables, Ladders & Chairs Four-Team Match Jack Swagger
67%
2014 WrestleMania XXX (Kick-Off Show) Four-Team Elimination Match Jack Swagger
67%
2014 WrestleMania XXX (Kick-Off Show) Four-Team Elimination Match Jey Uso
67%
2014 WrestleMania XXX (Kick-Off Show) Four-Team Elimination Match Jimmy Uso
67%
2013 Money In The Bank Chris Jericho
65%
2013 Tables, Ladders & Chairs Four-Team Match Cody Rhodes
64%
2014 Elimination Chamber (Kick-Off Show) Tag Team Match Cody Rhodes
64%
2014 Payback Tag Team Match Cody Rhodes
64%
2015 Elimination Chamber Elimination Chamber Match R-Truth
63%
2013 Tables, Ladders & Chairs Four-Team Match Goldust
61%
2014 Elimination Chamber (Kick-Off Show) Tag Team Match Goldust
61%
2014 Payback Tag Team Match Goldust
61%
2014 Money In The Bank Tag Team Match Goldust
61%
2015 Night of Champions Kevin Owens
58%
2015 Hell in a Cell Kevin Owens
58%
2013 Tables, Ladders & Chairs Four-Team Match Rey Mysterio
57%
2014 Money In The Bank Tag Team Match Stardust
44%
2014 WrestleMania XXX (Kick-Off Show) Four-Team Elimination Match Diego
38%
2014 WrestleMania XXX (Kick-Off Show) Four-Team Elimination Match Fernando
38%
2012 Money In The Bank 2-on-1 Handicap Match Curt Hawkins
28%
2012 Money In The Bank 2-on-1 Handicap Match Tyler Reks
26%
2012 Over The Limit Camacho
19%
No matching quizzes found
Score Distribution
Percent of People with Each Score
Percentile by Number Answered
Your Score History
You have not taken this quiz